000 00362 a2200157 4500
001 171480
020 _a
040 _cMagnum
100 _a-
240 1 0 _aBranca de neve e os sete anoes/contos de sempre/ftd
_lpor
245 1 0 _aBranca de neve e os sete anoes/contos de sempre/ftd
362 0 _a1899
440 1 _aFTD
697 _aI/FABULAS
942 _cBK
999 _c171480
_d171480